000 00394nam a22001337a 4500
020 _qHB.
040 _cFIZZA ISHAQ
082 _a822.33
_bSHA
100 _aShakespeare , William.
_911199
245 _aThe Tragedy of Romeo and Juliet : And Related Readings /
_cWilliam Shakespeare.
260 _aNew York:
_bMcDOUGAL LITTELL,
_c1994.
300 _a311 p. ;
_c8.6 x 5.5 inches,
942 _2ddc
_cBK
999 _c617036
_d617036